[Event "Campos Migjorn op"]
[Site "Campos"]
[Date "2019.09.28"]
[Round "8"]
[White "Soler Adrover, Llorenc"]
[Black "Gaya Torrens, Miguel"]
[Result "0-1"]
[WhiteElo "1094"]
[BlackElo "1757"]
[PlyCount "70"]
[EventDate "2019.09.06"]
[EventType "swiss"]
[EventRounds "8"]
[EventCountry "ESP"]
[SourceTitle "EXT 2020"]
[Source "ChessBase"]
[SourceDate "2019.10.17"]
[SourceVersion "1"]
[SourceVersionDate "2019.10.17"]
[SourceQuality "1"]

1. d4 Nf6 2. Nf3 e6 3. g3 d5 4. Bg2 Nbd7 5. c4 c6 6. cxd5 exd5 7. 0-0 Bd6 8. Nc3 0-0 9. Bd2 b6 10. Re1 Re8 11. a3 Ba6 12. b4 Bc4 13. Qa4 b5 14. Qc2 Nf8 15. Nd1 Ne4 16. Ne3 Nxd2 17. Nxd2 Qb6 18. Qc3 Ne6 19. Nf5 Bf8 20. a4 g6 21. a5 Qd8 22. Nh4 Nf4 23. gxf4 Qxh4 24. Nxc4 bxc4 25. e4 Rab8 26. Rab1 Qxf4 27. exd5 Rxe1+ 28. Qxe1 Bd6 29. dxc6 Qxd4 30. Rd1 Qf4 31. Rb1 Qxh2+ 32. Kf1 Qh5 33. Qc3 Qb5 34. Qd4 c3+ 35. Ke1 Re8+ 0-1

[Event "Campos Migjorn op"]
[Site "Campos"]
[Date "2019.09.20"]
[Round "5"]
[White "Martorell Prats, Antonio"]
[Black "Gaya Torrens, Miguel"]
[Result "1-0"]
[WhiteElo "1584"]
[BlackElo "1757"]
[PlyCount "89"]
[EventDate "2019.09.06"]
[EventType "swiss"]
[EventRounds "8"]
[EventCountry "ESP"]
[SourceTitle "EXT 2020"]
[Source "ChessBase"]
[SourceDate "2019.10.17"]
[SourceVersion "1"]
[SourceVersionDate "2019.10.17"]
[SourceQuality "1"]

1. e4 c5 2. Nf3 d6 3. Nc3 Nc6 4. Bb5 Bd7 5. 0-0 g6 6. b3 Bg7 7. Bb2 Nf6 8. Rb1 0-0 9. Bxc6 Bxc6 10. d3 Rc8 11. Ne2 a6 12. c4 b5 13. Re1 Re8 14. Nc3 b4 15. Nd5 e6 16. Bxf6 Bxf6 17. Nxf6+ Qxf6 18. Qd2 Qg7 19. d4 Rcd8 20. a3 a5 21. axb4 axb4 22. Ra1 Ra8 23. Rxa8 Rxa8 24. dxc5 dxc5 25. Qe3 Ra5 26. Qd2 Qf8 27. Ng5 h6 28. Nf3 Kg7 29. Ne5 Qa8 30. Ng4 g5 31. Qb2+ Kh7 32. Qf6 Qf8 33. Ne5 Be8 34. h4 gxh4 35. Qxh4 f6 36. Ng4 Kg6 37. f4 h5 38. Ne3 Qh8 39. f5+ Kf7 40. fxe6+ Kxe6 41. Nd5 Bg6 42. e5 fxe5 43. Qe7+ Kf5 44. Rf1+ Ke4 45. Qh4+ 1-0

[Event "Mallorca-ch Segona"]
[Site "Palma"]
[Date "2017.12.17"]
[Round "6.2"]
[White "Tomas Arcos, Marc Gabriel"]
[Black "Gaya Torrens, Miguel"]
[Result "0-1"]
[WhiteElo "1624"]
[BlackElo "1724"]
[PlyCount "73"]
[EventDate "2017.12.02"]
[EventType "swiss"]
[EventRounds "6"]
[EventCountry "ESP"]
[SourceTitle "EXT 2024"]
[Source "ChessBase"]
[SourceDate "2023.10.10"]
[SourceVersion "1"]
[SourceVersionDate "2023.10.10"]
[SourceQuality "1"]

1. e4 c5 2. Nf3 e6 3. c3 d5 4. exd5 exd5 5. d4 Nc6 6. Bb5 Bd7 7. 0-0 Nf6 8. Bg5 Be7 9. dxc5 a6 10. Ba4 Be6 11. Nd4 Rc8 12. Re1 Ne4 13. Bxe7 Qxe7 14. f3 Nxc5 15. Nf5 Qf8 16. Bxc6+ bxc6 17. b4 Nb7 18. Qd4 g6 19. Ng7+ Kd7 20. Nd2 c5 21. bxc5 Qxc5 22. Nb3 Qxc3 23. Nxe6 fxe6 24. Qg4 Qc6 25. Nd4 Qb6 26. Rxe6 Nd6 27. Rxg6+ Kc7 28. Rg7+ Kb8 29. Rd1 Nb5 30. Qf4+ Ka8 31. Qe5 Rhd8 32. Rxh7 Rc4 33. Rh4 Nc3 34. Rd2 Qb1+ 35. Kf2 Rg8 36. Rh7 Qxh7 37. Rc2 0-1

[Event "Santa Margalida Mallorca-ch"]
[Site "Santa Margalida"]
[Date "2016.11.18"]
[Round "3"]
[White "Rossello Sanchez, Bartolome"]
[Black "Gaya Torrens, Miguel"]
[Result "1-0"]
[WhiteElo "1533"]
[BlackElo "1715"]
[PlyCount "55"]
[EventDate "2016.11.11"]
[EventType "swiss"]
[EventRounds "8"]
[EventCountry "ESP"]
[SourceTitle "EXT 2018"]
[Source "ChessBase"]
[SourceDate "2017.10.13"]
[SourceVersion "1"]
[SourceVersionDate "2017.10.13"]
[SourceQuality "1"]

1. b3 e5 2. Bb2 Nc6 3. e3 d5 4. a3 Bd6 5. d3 Nf6 6. Be2 Be6 7. Nd2 Ne7 8. Bf3 Rc8 9. Ne2 b6 10. Nc3 a6 11. g4 c5 12. g5 Nd7 13. Bg4 0-0 14. Bxe6 fxe6 15. Qg4 Nf5 16. Ne2 Qe8 17. c4 g6 18. h4 Ng7 19. h5 Qf7 20. hxg6 hxg6 21. 0-0-0 Nh5 22. Ng3 Nxg3 23. fxg3 Rce8 24. cxd5 exd5 25. Rh6 Kg7 26. Rdh1 Rh8 27. Qh3 Kf8 28. Rxh8+ 1-0

[Event "Calvia Amateur op 13th"]
[Site "Calvia"]
[Date "2016.10.16"]
[Round "9"]
[White "Gaya Torrens, Miguel"]
[Black "Rossello Sanchez, Bartolome"]
[Result "1-0"]
[WhiteElo "1689"]
[BlackElo "1510"]
[PlyCount "69"]
[EventDate "2016.10.08"]
[EventType "swiss"]
[EventRounds "9"]
[EventCountry "ESP"]
[SourceTitle "CBM 175 Extra"]
[Source "ChessBase"]
[SourceDate "2016.12.12"]
[SourceVersion "1"]
[SourceVersionDate "2016.12.12"]
[SourceQuality "1"]

1. d4 b6 2. e4 Bb7 3. Bd3 e6 4. c4 d6 5. Nc3 Be7 6. Nf3 Nd7 7. Bf4 a6 8. 0-0 g5 9. Bg3 h5 10. h3 g4 11. hxg4 hxg4 12. Nh2 Bh4 13. Qxg4 Bxg3 14. Qxg3 Qf6 15. Nf3 0-0-0 16. Qg5 Ne7 17. Qxf6 Nxf6 18. d5 Rdg8 19. Rfe1 Rh3 20. g3 Nh5 21. Bf1 Nxg3 22. Bxh3 Nxe4+ 23. Kf1 Nxc3 24. bxc3 Kb8 25. Bg2 e5 26. Nd4 Ng6 27. Nf5 Nf4 28. Be4 Rh8 29. Re3 Bc8 30. Ng3 f5 31. Bc2 Rh2 32. Kg1 Rg2+ 33. Kh1 Rxf2 34. Bxf5 Bxf5 35. Nxf5 1-0

[Event "Campos Migjorn op"]
[Site "Campos"]
[Date "2016.09.24"]
[Round "6"]
[White "Gaya Torrens, Miguel"]
[Black "Martorell Prats, Antonio"]
[Result "1/2-1/2"]
[WhiteElo "1689"]
[BlackElo "1583"]
[PlyCount "34"]
[EventDate "2016.09.09"]
[EventType "swiss"]
[EventRounds "8"]
[EventCountry "ESP"]
[SourceTitle "EXT 2017"]
[Source "ChessBase"]
[SourceDate "2016.10.25"]
[SourceVersion "1"]
[SourceVersionDate "2016.10.25"]
[SourceQuality "1"]

1. d4 d5 2. c4 e6 3. Nc3 Nf6 4. Nf3 Bb4 5. cxd5 exd5 6. Bg5 0-0 7. e3 h6 8. Bf4 Ne4 9. Rc1 Nc6 10. h3 Bf5 11. Bd3 Ne7 12. 0-0 Bxc3 13. bxc3 Ng6 14. Bh2 c6 15. Qc2 Re8 16. Ne5 Nxe5 17. Bxe5 Bc8 1/2-1/2

[Event "Campos Migjorn op"]
[Site "Campos"]
[Date "2016.09.09"]
[Round "1"]
[White "Mateu Pascual, Miguel Juan"]
[Black "Gaya Torrens, Miguel"]
[Result "0-1"]
[WhiteElo "1225"]
[BlackElo "1689"]
[PlyCount "68"]
[EventDate "2016.09.09"]
[EventType "swiss"]
[EventRounds "8"]
[EventCountry "ESP"]
[SourceTitle "EXT 2017"]
[Source "ChessBase"]
[SourceDate "2016.10.25"]
[SourceVersion "1"]
[SourceVersionDate "2016.10.25"]
[SourceQuality "1"]

1. e4 c5 2. Nf3 Nc6 3. d4 cxd4 4. Nxd4 Nf6 5. Nc3 g6 6. Be2 Bg7 7. Nb3 a6 8. 0-0 0-0 9. Bf4 d6 10. Qc1 Re8 11. Bh6 Bh8 12. h3 b5 13. a3 Bb7 14. Bf3 Qc7 15. Re1 Rac8 16. Nd5 Nxd5 17. exd5 Ne5 18. Nd2 Nxf3+ 19. Nxf3 Qxc2 20. Qxc2 Rxc2 21. Rac1 Rxc1 22. Rxc1 Bxb2 23. Rc2 Bxa3 24. Rc7 Bxd5 25. Ra7 Bxf3 26. gxf3 d5 27. Rxa6 Bd6 28. Kh1 Rb8 29. Be3 b4 30. Ra1 Be5 31. Rb1 Bc3 32. Ba7 Rb7 33. Be3 d4 34. Bg5 f6 0-1